| 000 | 00349nam a2200145Ia 4500 | ||
|---|---|---|---|
| 008 | 200615s9999||||xx |||||||||||||| ||und|| | ||
| 020 | _a9788174465214 | ||
| 082 |
_a650 _bMAN-S |
||
| 100 | _aSEKHAR G V SATYA | ||
| 245 | 0 | _aMANAGEMENT INFORMATION SYSTEMS | |
| 250 | _a1ST | ||
| 260 |
_anew delhi _bEXCEL BOOKS _c2018 |
||
| 300 | _a310 | ||
| 942 | _cBK | ||
| 999 |
_c27511 _d27511 |
||